000 02198cam a2200625 4500
001 J96428
008 090401t1997 xxu||||| |||| 00| 0 eng d
020 _a1900915006
035 _a(Sirsi) u91067
041 _aeng
050 _a690.241
_c18
245 4 _aThe conservation and repair of ecclesiastical buildings
250 _a4th ed.
260 _aTisbury
_bCathedral Communications Limited
_c1997
300 _a52p.
_bill.
_c30cm.
350 _a5.95
490 _aBuilding Conservation Directory Special Report
_v1
505 _aTelling tales
505 _aGrave expectations : the archaeology of crypts and burial grounds
505 _aSt Mary Abchurch, London : the conservation of the painted dome
505 _aLook before you leap
505 _aThinking the unthinkable : planning for a disaster
505 _aIntroducing electrical services
505 _aDealing with stone decay : the conservation of a medieval chimney flue terminal
505 _aPozzolans for lime mortars
505 _aDry rot
505 _aPews through the ages in Scotland
505 _aHistoric organs : the conservation of St Helens, Bishopsgate Organ
505 _aPlanning and control in a nutshell
505 _aIsothermal glazing for the protection of stained glass windows
520 _aAn annual looking at issues surrounding the conservation and repair of churches which includes a directory of useful orgnaisations, products and services.
650 _aCHURCHES
650 _aCONSERVATION
650 _aBUILT ENVIRONMENT-BUILDING PATHOLOGY-INFESTATION (FUNGAL)-FUNGI-DRY ROT
650 _aECCLESIASTICAL BUILDINGS
650 _aGRAVEYARDS
650 _aREPAIRS
650 _aSTAINED GLASS
650 _aSTONEWORK
690 _aCONSERVATION
700 _aTaylor, Jonathan
_xEditor
700 _aFrankland, Suzanne
700 _aReeve, Jez
700 _aOrgan, Thomas
700 _aBallard, George
700 _aFowler, Daryl
700 _aLawson-Smith, Peter
700 _aQuayle, Nicholas
700 _aGibbons, Pat
700 _aRidout, Brian
700 _aHume, John
700 _aNorman, John
942 _n0
948 _c02/02/1999
999 _c97605
_d97605